Statistiques concernant Culture Générale - Série 437

Cliquez ici pour prendre le quiz!

Statistiques générales

  • Ce quiz a été pris 63 fois
  • Le résultat moyen est 4 sur 10

Statistiques - réponses

QuestionRéponse% Correct
Quel pays d'Amérique latine a pour capitale San José ?Costa Rica
83%
Dans quel pays José Luis Rodriguez Zapatero a‐t‐il succédé à la présidence du gouvernement à un autre José ?Espagne
76%
Quelle Sarah le Terminator doit‐il éliminer dans le premier volet de la saga ?Sarah Connor
59%
Quel cousin du dauphin vivant dans l'Arctique est également appelé licorne de mer ?narval
55%
Quel plateau de l'Aveyron est le fief de José Bové ?Larzac
52%
Quel animal le magicien José Garcimore avait‐il appelé "Rustine" ?lapin
50%
Quel pionnier français de l'apnée prénommé Jacques est l'auteur du récit "Homo Delphinus" ?Jacques Mayol
28%
Quel film de José Giovanni sorti en 1972, avec Jean‐Paul Belmondo et Michel Constantin, aurait‐pu s'appeler "La Poisse" ?La Scoumoune
21%
Comment s'appelle le cap à l'ouest de Calais, entre Sangatte et Wissant ?Blanc‐Nez
19%
Dans les années 1980 quel fotballeur français était‐il surnommé "Le Brésilien" ?José Touré
5%

Distribution des résultats

Percentile par nombre de réponses

% des personnes avec chaque résultat

Votre développement - résultats

Vous n’avez pas pris ce quiz